[Event "Istanbul op-B"]
[Site "Istanbul"]
[Date "2018.09.02"]
[Round "1"]
[White "Acar, Cengiz Can"]
[Black "Ozbek, Ege1111"]
[Result "1-0"]
[WhiteElo "1755"]
[BlackElo "1564"]
[PlyCount "75"]
[EventDate "2018.09.02"]
[EventType "swiss"]
[EventRounds "9"]
[EventCountry "TUR"]
[SourceTitle "CBM 186 Extra"]
[Source "ChessBase"]
[SourceDate "2018.08.24"]
[SourceVersion "1"]
[SourceVersionDate "2018.08.24"]
[SourceQuality "1"]

1. g3 d5 2. Bg2 Nf6 3. c4 e6 4. d4 c6 5. cxd5 exd5 6. Nc3 Bb4 7. Qb3 Bxc3+ 8. bxc3 0-0 9. Nf3 Nbd7 10. 0-0 Re8 11. e3 b6 12. Re1 Bb7 13. Bb2 Ne4 14. c4 Ndf6 15. Ne5 c5 16. Rad1 dxc4 17. Qxc4 Bd5 18. Qa4 Qc7 19. f3 Nd6 20. e4 Bb7 21. Bf1 a6 22. Qb3 Nd7 23. Nxd7 Qxd7 24. dxc5 bxc5 25. Qc3 f6 26. Qxc5 Rad8 27. Ba3 Re6 28. Bc4 Rc8 29. Bxe6+ Qxe6 30. Qxd6 Qh3 31. Rc1 Re8 32. Rc7 Bc8 33. Re7 Qh5 34. Qd5+ Qxd5 35. Rxe8+ Kf7 36. Rf8+ Kg6 37. exd5 Bb7 38. d6 1-0

[Event "Manavgat Turkey Cup"]
[Site "Manavgat"]
[Date "2015.02.01"]
[Round "2"]
[White "Tasdogen, Dincer"]
[Black "Acar, Cengiz Can"]
[Result "1/2-1/2"]
[WhiteElo "1936"]
[BlackElo "1687"]
[PlyCount "65"]
[EventDate "2015.01.31"]
[EventType "swiss"]
[EventRounds "11"]
[EventCountry "TUR"]
[SourceTitle "CBM 164 Extra"]
[Source "ChessBase"]
[SourceDate "2015.03.02"]
[SourceVersion "1"]
[SourceVersionDate "2015.03.02"]
[SourceQuality "1"]

1. e4 Nc6 2. Nf3 d5 3. exd5 Qxd5 4. Nc3 Qa5 5. g3 Bg4 6. Bg2 Nd4 7. h3 Bxf3 8. Bxf3 Qe5+ 9. Kf1 0-0-0 10. d3 Nxf3 11. Qxf3 Nf6 12. Kg2 g5 13. Qe3 Qxe3 14. Bxe3 h6 15. Rae1 e6 16. h4 g4 17. Rhf1 Bg7 18. f3 Rd7 19. Bf4 Rg8 20. Be5 gxf3+ 21. Rxf3 Ng4 22. Bxg7 Rxg7 23. Re4 h5 24. Ref4 Ne5 25. Re3 Ng6 26. Rc4 Ne7 27. Ne2 Nf5 28. Rf3 Rd8 29. Kf2 Rdg8 30. Rcf4 Kd7 31. Nd4 Nh6 32. Ne2 Nf5 33. Nd4 1/2-1/2

[Event "TUR-chT2"]
[Site "Konya"]
[Date "2014.06.25"]
[Round "4.11"]
[White "Acar, Cengiz Can"]
[Black "Benk, Tolga Tugay"]
[Result "1/2-1/2"]
[WhiteElo "1717"]
[BlackElo "1759"]
[PlyCount "59"]
[EventDate "2014.06.23"]
[EventType "team-swiss"]
[EventRounds "9"]
[EventCountry "TUR"]
[SourceTitle "CBM 161 Extra"]
[Source "ChessBase"]
[SourceDate "2014.08.29"]
[SourceVersion "1"]
[SourceVersionDate "2014.08.29"]
[SourceQuality "1"]
[WhiteTeam "Er Bakir"]
[BlackTeam "Sader"]
[WhiteTeamCountry "TUR"]
[BlackTeamCountry "TUR"]

1. e4 e5 2. Nf3 Nc6 3. Bb5 f5 4. Bxc6 dxc6 5. Nxe5 Qd4 6. Qh5+ g6 7. Nxg6 hxg6 8. Qxg6+ Kd8 9. d3 Ne7 10. Qf7 fxe4 11. Nc3 exd3 12. Be3 Qg7 13. Qxg7 Bxg7 14. 0-0-0 Bf5 15. cxd3 Nd5 16. Bg5+ Bf6 17. Bxf6+ Nxf6 18. f3 Nd5 19. Ne4 Ke7 20. a3 Rad8 21. g3 Rde8 22. Rde1 Kd8 23. Re2 Bg6 24. Rf2 Ref8 25. Kd2 Nf6 26. Ke3 Rh7 27. Re1 Re7 28. Ree2 b6 29. Re1 Rff7 30. Ref1 1/2-1/2

[Event "TUR-chT"]
[Site "Denizli"]
[Date "2013.06.29"]
[Round "1.7"]
[White "Okus, Melih"]
[Black "Acar, Cengiz Can"]
[Result "1-0"]
[WhiteElo "2021"]
[BlackElo "1698"]
[PlyCount "149"]
[EventDate "2013.06.29"]
[EventType "team-tourn"]
[EventRounds "13"]
[EventCountry "TUR"]
[SourceTitle "CBM 155 Extra"]
[Source "ChessBase"]
[SourceDate "2013.08.26"]
[SourceVersion "1"]
[SourceVersionDate "2013.08.26"]
[SourceQuality "1"]
[WhiteTeam "Alyans Satranc"]
[BlackTeam "Akdeniz Belediyesi"]
[WhiteTeamCountry "TUR"]
[BlackTeamCountry "TUR"]

1. e4 d5 2. exd5 Qxd5 3. Nc3 Qd6 4. d4 c6 5. Nf3 Bg4 6. Be2 Nd7 7. Be3 e6 8. Qd2 Qc7 9. 0-0-0 Ngf6 10. h3 Bf5 11. Nh4 Bg6 12. g4 Bb4 13. Nxg6 hxg6 14. Qd3 0-0-0 15. g5 Ne5 16. dxe5 Rxd3 17. Rxd3 Bxc3 18. exf6 Be5 19. fxg7 Bxg7 20. Bg4 Qe5 21. c3 Qa5 22. Kb1 Rd8 23. Rxd8+ Kxd8 24. h4 Qa4 25. Bf3 Qb5 26. Kc1 Qa5 27. a3 Kc8 28. h5 gxh5 29. Rxh5 Qf5 30. Be2 Kc7 31. Rh4 Be5 32. Bd1 Qg6 33. Bc2 Qg8 34. Rh7 Kb8 35. f4 f5 36. Rh1 Bd6 37. Bb3 Qg6 38. Rh6 Qg7 39. Bxe6 b6 40. Bxf5 Bc7 41. Kc2 c5 42. Bd3 Bd8 43. Rh7 Qg8 44. c4 Qe8 45. Kd2 Qc6 46. Rh2 b5 47. f5 bxc4 48. Bf4+ Bc7 49. Bxc7+ Qxc7 50. Rh8+ Kb7 51. Be4+ Kb6 52. Rh6+ Ka5 53. Re6 Qf4+ 54. Ke2 Qxg5 55. Kf3 Qh5+ 56. Kf4 Qh2+ 57. Kg5 Qg3+ 58. Kf6 Qh4+ 59. Ke5 Qg3+ 60. Kd5 c3 61. bxc3 Qxc3 62. f6 Qd4+ 63. Kc6 c4 64. f7 Qb6+ 65. Kd7 Qb5+ 66. Bc6 Qf5 67. Ke7 Qh7 68. Ke8 Qh5 69. Ke7 Qh7 70. Be4 Qg7 71. Ke8 Qg3 72. f8Q Qb8+ 73. Kf7 Qf4+ 74. Rf6 Qxe4 75. Qb4# 1-0